00645nam a2200193Ia 4500008004100000020001500041082001300056100002100069245005700090250000700147260004000154300003000194500001900224600002100243650005000264942000700314952011500321999001500436240925s9999 xx 000 0 und d a817808984x a005.1LEV aLevitin , Anany 0aIntroduction to the Design & Analysis of Algorithms  aNA aIndiana:bPearson Educationc,2004. axiii,737p.bNAfPhotocopy aIncludes Index aComputer Science aComputer science, information & general works cBK 001040708CSaUITUbUITUd2008-02-26eS.B.Bg463.50l0o005.1LEVpQ7375r2024-09-25 07:14:35w2024-09-25yBK c9874d9874